000 00339nam a2200145Ia 4500
008 191201s2015 xx 000 0 und d
082 _a658.083
_bJAB
100 _aJAIN, T R
245 0 _aBusiness Statistics
250 _aLatest
260 _aN. delhi
_bV K Enterprises
_c2015
300 _a540+346
650 _aMCA
942 _2ddc
_cBK
_01
999 _c5012
_d5012